Zopár typografických tipov (1.)

Bibliographic Details
Format: Article
Language:Slovak
PhysicalDescription:Fotogr.
ISSN:1338-0338
Subjects:
Online Access:www.dobraskola. com

MARC

LEADER 00000nab a2200000 ar4500
001 vtls010472966
003 SK-MaSNL
005 20260303205604.0
008 121123c2012 xo qr|p||| |000 b|slo
015 |a SNBRB2012/11 
038 |a SPK 
040 |a SPKCL  |b slo  |c AACR2  |e AACR2 
041 0 |a slo 
044 |a xo  |c SK 
072 7 |a 655  |x Polygrafia. Vydavateľstvá a knižný obchod  |2 konspekt 
080 |a 655.26  |2 2001 
245 0 0 |a Zopár typografických tipov  |n (1.) 
300 |b Fotogr. 
650 0 7 |a typografia  |2 snkbucl  |9 13578 
773 0 |t Dobrá škola  |g Roč. IV, č. 3 (2012), s. 18  |x 1338-0338 
852 |a SPK  |b KIS3GCP 
856 4 1 |u www.dobraskola. com 
999 |c 2196124  |d 2198054